00428nam a2200145Ia 4500008004100000041000900041082001800050100001500068245003100083260004000114300000800154650000800162999001700170952009500187230718s9999 xx 000 0 und d aEng. a392.54bRAZ-P aRaza,Ahsan 0apunjab local gournment act aPakistanbCivil law publisherc2013 a102 aLaw c30413d30413 00104070aSIRC-LbSIRC-Ld2023-07-18l0o392.54 RAZ-Pp25364r2023-07-18w2023-07-18yBK